Modern English Exercises for Non-Native Speakers : Part II : Sentences and Complex Structures /

Sábháilte in:
Sonraí bibleagrafaíochta
Príomhchruthaitheoir: Frank, Marcella (autor)
Formáid: LEABHAR
Teanga:Béarla
Foilsithe / Cruthaithe: Englewood Cliffs, EUA : Prentice-Hall, 1986, c1986
Clibeanna: Cuir clib leis
Níl clibeanna ann, Bí ar an gcéad duine le clib a chur leis an taifead seo!

MARC

LEADER 00000nam^a2200000^a^4500
001 000556474
005 20250526000000.0
009 20260310131740.448
020 |a 0-13-593856-2 
037 |a Acervo ITESO - Biblioteca 
041 |a ING 
091 |a FHA. 01399 
100 |a Frank, Marcella  |e (autor) 
245 1 0 |a Modern English Exercises for Non-Native Speakers :  |b Part II : Sentences and Complex Structures / 
264 4 |a Englewood Cliffs, EUA :  |b Prentice-Hall,  |c 1986, c1986 
300 |a XIV, 255 p. ;  |c 28.0 cm. 
336 |a texto  |b txt  |2 rdacontenido 
337 |a sin mediación  |b n  |2 rdamedio 
338 |a volumen  |b nc  |2 rdasoporte 
515 |a Inventario familia Hartung: 1738 
649 |a XX 
910 |a Fondo Horst Hartung Franz 
920 |a Impresos - Libros 
930 |a Libros Antiguos y Raros 
905 |a 135 
901 |a 0500330804  |b IT2  |c LRA  |i D  |u 20250526 
902 |a https://opac.biblio.iteso.mx/vufind/Record/000556474